Đại số và giải tích 11

Bao gồm các bài tập giải tích và đại số theo chương trình học của Lớp 11. Sách giúp học sinh rèn luyện và học giỏi môn học này.

में बचाया:
ग्रंथसूची विवरण
मुख्य लेखक: Trần, Văn Hạo
स्वरूप: पुस्तक
भाषा:Undetermined
प्रकाशित: Hà Nội Giáo dục 2013
विषय:
टैग : टैग जोड़ें
कोई टैग नहीं, इस रिकॉर्ड को टैग करने वाले पहले व्यक्ति बनें!
Thư viện lưu trữ: Trung tâm Học liệu Trường Đại học Cần Thơ
LEADER 00838nam a2200217Ia 4500
001 CTU_182471
008 210402s9999 xx 000 0 und d
020 |c 9300 
082 |a 515.0712 
082 |b H108 
100 |a Trần, Văn Hạo 
245 0 |a Đại số và giải tích 11 
245 0 |c Trần Văn Hạo tổng chủ biên ... [et al.] 
260 |a Hà Nội 
260 |b Giáo dục 
260 |c 2013 
520 |a Bao gồm các bài tập giải tích và đại số theo chương trình học của Lớp 11. Sách giúp học sinh rèn luyện và học giỏi môn học này. 
650 |a Mathematical analysis 
650 |x Study and teaching (Secondary ),Problems, exercises, etc. 
904 |i Tuyến 
980 |a Trung tâm Học liệu Trường Đại học Cần Thơ